00523nam a2200181Ii 45000010005000000030009000050080041000140400033000550410008000880820014000961100040001102450026001502640072001763000012002483360026002603370028002863380027003144184CO-ViMGA241108s9999||||xx |||||||||||||| ||und|| aCO-ViMGAbspaerdacCO-ViMGA0 aunk04a498 I488w1 aInstituto Lingüístico de Verano10aWai Siaera:bLa pesca 1a[Lugar de publicación no identificado] : Editorial Townsend, 1976 avolumen atextbtxt2rdacontent aunmediatedbn2rdamedia avolumebnc2rdacarrier